MARC

LEADER 00000nas a2200000 a 4500
001 ssj0002757
003 WaSeSS
005 20200512172242.0
006 m d
007 cr n
008 020916c19419999utuqr p s o 0 a0eng c
010 |a  2009250650 
016 7 |a 2066989-6  |2 DE-600 
022 |a 2163-8195  |y 0036-5637 
035 |a (WaSeSS)ssj0002757 
037 |b Scandinavian Studies, 3003 JKHB, Brigham Young University, Provo, UT 84602 
040 |a BUF  |b eng  |c BUF  |d OCLCQ  |d OCLCS  |d OCLCQ  |d BUF  |d FIE  |d CO3  |d DLC  |d OCLCQ  |d EYM  |d DLC  |d OCLCQ  |d DLC  |d OCLCE  |d WAU  |d COO  |d OCLCF  |d OCLCQ  |d UUM  |d VT2  |d U3W  |d WaSeSS 
042 |a pcc  |a nsdp  |a dlr 
043 |a ev----- 
050 4 |a PD1505  |b .S6 
082 1 0 |a 439  |2 14 
082 0 4 |a 439.506273 
130 0 |a Scandinavian studies (Online) 
222 0 |a Scandinavian studies  |b (Online) 
245 1 0 |a Scandinavian studies  |h [electronic resource]. 
260 |3 1941-1990 :  |a Menasha, Wis. :  |b Society for the Advancement of Scandinavian Study,  |c 1941- 
260 3 |3 winter 1991- :  |a Provo :  |b UT :  |b Brigham Young University 
310 |a Quarterly 
362 1 |a Began with v. 16, no. 5 (Feb. 1941). 
500 |a Place of publication varies. 
506 |a License restrictions may limit access. 
520 |a Includes proceedings of the society. 
538 |a Master and use copy. Digital master created according to Benchmark for Faithful Digital Reproductions of Monographs and Serials, Version 1. Digital Library Federation, December 2002.  |u http://purl.oclc.org/DLF/benchrepro0212  |5 MiAaHDL 
538 |a Mode of access: World Wide Web. 
550 |a Journal of the Society for the Advancement of Scandinavian Study, <1979-> 
583 1 |a digitized  |c 2010  |h HathiTrust Digital Library  |l committed to preserve  |2 pda  |5 MiAaHDL 
588 |a Description based on: Vol. 16, no. 5 (Feb. 1941); title from PDF caption (JSTOR, viewed June 15, 2012). 
588 |a Latest issue consulted: Vol. 81, No. 4 (winter 2009) (JSTOR, viewed June 15, 2012). 
650 0 |a Scandinavian philology  |v Periodicals. 
650 0 |a Scandinavian languages  |v Periodicals. 
650 7 |a Scandinavian languages.  |2 fast  |0 (OCoLC)fst01106392 
650 7 |a Scandinavian philology.  |2 fast  |0 (OCoLC)fst01106438 
655 0 |a Electronic journals. 
710 2 |a Society for the Advancement of Scandinavian Study (U.S.) 
776 0 8 |i Print version:  |t Scandinavian studies  |x 0036-5637  |w (DLC) 23003246  |w (OCoLC)1765091 
780 0 0 |t Scandinavian studies and notes  |x 2328-9910  |w (DLC) 2013202546  |w (OCoLC)610350133 
856 4 0 |z Full text available from Research Library: 01/01/1996 to 1 year ago  |u https://search.proquest.com/publication/35332